| 000 | 01468nam0a22002771 4500 | ||
|---|---|---|---|
| 001 | rc\673398 | ||
| 005 | 20190903134901.0 | ||
| 035 | _a(NLR Aleph) 005911575 | ||
| 090 |
_a6382283 _c6382283 |
||
| 100 | _a20031121d1986 u |0rusy50 ca | ||
| 101 | 0 | _arus | |
| 102 | _aRU | ||
| 105 | _ay ||||||||| | ||
| 200 | 1 |
_aУТВЕРЖДАТЬ здоровый образ жизни, преодолевать пьянство и алкоголизм _eМетод. рекомендации в помощь лектору и активу орг. Всесоюз. добр. о-ва борьбы за трезвость _fВДНХ СССР, Калин. обл. орг. о-ва "Знание" РСФСР и др. _g[Сост. А.К. Зиньковский, к. м. н. и др.] |
|
| 210 |
_aКалинин _cУпрполиграфиздат _d1986 |
||
| 215 |
_a[1], 41 с. _d21 |
||
| 300 | _aВ надзаг. также: Калин. гос. мед. ин-т, Калин. обл. совет. Всесоюз. добр. о-ва борьбы за трезвость, дом сан. просвещения | ||
| 320 | _aБиблиогр.: с. 39-40 | ||
| 702 | 1 |
_aЗиньковский _bА. К. _4220 |
|
| 712 | 0 | 2 |
_a"Знание", общество РСФСР _bКалининская областная организация _3RU\NLR\AUTH\889960911 |
| 801 | 0 |
_aRU _bNLR _gpsbo |
|
| 801 | 1 |
_aRU _bELAR _2rusmarc |
|
| 852 |
_aNLR _j88-4/1815 |
||
| 942 | _cBOOK | ||
| 980 | _aNB | ||